Unfired pressure vessels : the ASME code simplified /

Guardado en:
Autor Principal: Chuse, Robert.
Formato: Libro
Idioma:English
Publicado: New York : F. W. Dodge, 1960.
Edición:4. ed.
Etiquetas: Agregar Etiqueta
Sin Etiquetas, Sea el primero en etiquetar este registro!
LEADER 00484nam a22001575a 4500
001 EUN.um033621
003 AR-BaUNS
005 20050623122907.0
008 041125s1960####xxua##########000#0#eng#d
245 1 0 |a Unfired pressure vessels :  |b the ASME code simplified /  |c Robert Chuse. 
260 |a New York :  |b F. W. Dodge,  |c 1960. 
300 |a 154 p. :  |b ilus. ;  |c 23 cm. 
100 1 |a Chuse, Robert. 
082 0 4 |a 621.184 
250 |a 4. ed. 
859 |a Ar-BaUNS  |b BIB. CENTRAL - Sector C  |h 621.184  |i C476  |p 46200/968